Statistics for Premier League Players by Name - S

Click here to take the quiz!

General Stats

  • This quiz has been taken 25 times
  • The average score is 23 of 50

Answer Stats

PositionClubNationPlayer% Correct
GKWolvesPortugalJose Sa
100%
FWLiverpoolEgyptMohamed Salah
94%
FWTottenham HotspurSouth KoreaHeung-Min Son
88%
GKLeicester CityDenmarkKasper Schmeichel
88%
DFTottenham HotspurColombiaDavinson Sanchez
81%
GKBrighton & Hove AlbionSpainRobert Sanchez
81%
MFManchester CityPortugalBernardo Silva
75%
MFArsenalEnglandBukayo Saka
75%
DFLeicester CityTurkeyCaglar Soyuncu
75%
FWWolvesPortugalFabio Silva
75%
DFManchester UnitedEnglandLuke Shaw
75%
FWManchester CityEnglandRaheem Sterling
75%
DFChelseaBrazilThiago Silva
75%
MFEvertonIcelandGylfi Sigurdsson
69%
DFManchester CityEnglandJohn Stones
69%
DFWolvesMoroccoRomain Saiss
69%
MFWest Ham UnitedCzech RepublicTomas Soucek
69%
FWNewcastle UnitedFranceAllan Saint-Maximin
63%
FWManchester UnitedEnglandJadon Sancho
63%
DFNewcastle UnitedSwitzerlandFabian Schar
50%
FWWatfordSenegalIsmaila Sarr
50%
DFChelseaFranceMalang Sarr
50%
MFChelseaSpainSaul
50%
GKManchester CityUnited StatesZack Steffen
50%
MFArsenalEnglandEmile Smith Rowe
44%
MFNewcastle UnitedEnglandJonjo Shelvey
44%
MFCrystal PalaceGhanaJeffrey Schlupp
38%
DFWolvesPortugalNelson Semedo
38%
MFBurnleyEnglandDale Stephens
31%
DFSouthamptonEnglandJack Stephens
31%
DFSouthamptonGhanaMohammed Salisu
31%
MFWatfordFranceMoussa Sissoko
31%
MFTottenham HotspurEnglandOliver Skipp
31%
DFLeeds UnitedNetherlandsPascal Struijk
31%
FWNorwich CityUnited StatesJosh Sargent
25%
DFTottenham HotspurEnglandRyan Sessegnon
25%
MFLeicester CityFranceBoubakary Soumare
19%
DFBrentfordWalesFinley Stevens
19%
MFLeeds UnitedEnglandJamie Shackleton
19%
GKBrighton & Hove AlbionEnglandJason Steele
19%
GKAston VillaEnglandJed Steer
19%
MFWatfordSwedenKen Sema
19%
GKBrighton & Hove AlbionNetherlandsKjell Scherpen
19%
MFAston VillaFranceMorgan Sanson
19%
FWManchester UnitedEnglandShola Shoretire
19%
DFSouthamptonEnglandThierry Small
19%
MFSouthamptonIrelandWill Smallbone
19%
DFWatfordChileFrancisco Sierralta
13%
MFNorwich CityDenmarkJacob Sorensen
13%
FWCrystal PalaceEnglandRobert Street
0%

Score Distribution

Percentile by Number Answered

Percent of People with Each Score

Your Score History

You have not taken this quiz